000 00215 a2200097 4500
001 18648
100 _aKhatib, L B
245 _aTareekh-e-Gharnata Vol-1
260 _a
_bNafees Academy
_c1963
090 _c13872
_d13872
942 _aNUST-CAE
_cM
_c4305
999 _c253721
_d253721